000 00844cam a2200241 a 4500
001 000011916
005 20240513203638.0
008 830608s1970 pr 001 0 spa d
035 _a(DLC) 72546833
040 _aDO-SdBNP
_cCarP
_dDLC
043 _anwpr---
082 _a306.97295
_bF363i, 1970
100 1 _aFernández Méndez, Eugenio
_d1924-1994
_928192
245 1 3 _aLa identidad y la cultura :
_bcríticas y valoraciones en torno a la historia social de Puerto Rico. /
_cEugenio Fernández Méndez.
250 _a2. ed.
260 _aSan Juan, Puerto Rico :
_bInstituto de Cultura Puertorriqueña,
_c1970.
300 _a267 p. ;
_c19 cm.
650 0 _aHistoria social
_978961
650 4 _aIdentidad cultural
_zPuerto Rico
_928193
651 4 _aPuerto Rico
_xHistoria
_91079
910 _aCatalogación por copia / LC
049 _aBNGR
999 _c11586
_d11586